Populations of North-Eastern Lithuania, and the Ethno-Genesis of Selonians
| Titel: | Populations of North-Eastern Lithuania, and the Ethno-Genesis of Selonians |
|---|---|
| Verfasser: | |
| In: |
Latvijas Zinātņu Akadēmija: Latvijas Zinātnu Akadēmijas vēstis. A daļa, Sociālās un humanitārās zinātnes, Heft 5/6 (2001), Seite 72-82 alle Artikel anzeigen |
| Veröffentlicht: | 2001 |
| Format: | Aufsatz |
| Sprache: | Litauisch |
X
alg: 39198591 001A $01999:11-11-16 001B $01999:26-04-21 $t20:13:20.000 001C $06050:19-11-16 $t09:36:01.000 001D $01999:11-11-16 001U $0utf8 001X $00 002@ $0Aox 003@ $0391985914 007A $0391985914 $aHEB 007T $0Herdc0071762v 010@ $alit 011@ $a2001 021A $aPopulations of North-Eastern Lithuania, and the Ethno-Genesis of Selonians 028A $aSimniškytė $dAndra 031A $e5/6 $h72-82 $j2001 039B $aIn $8--Abvc--Latvijas Zinātņu Akadēmija [Tb1]. Latvijas Zinātnu Akadēmijas vēstis. A daļa, Sociālās un humanitārās zinātnes. - Rīgā, 1992-. - ISSN 0868-6556 $x200100000000005928 $9048608599 045F $a304.6094793 $eDDC23BSB 045F/01 $a304.609 045F/03 $g4793 045F/03 $g4796 045T $a24 $a7,44 lok: 39198591 78 exp: 39198591 78 1 #EPN 201B/01 $019-04-17 $t10:56:20.000 201U/01 $0utf8 203@/01 $0788081802 208@/01 $a11-11-16 $be 209A/01 $a/ $f000 $x00 220C/01 $aTitelaufnehmer: it 220C/01 $aHerkunft: LII Vilnius / Irena Tumelytė 244Z/01 $2Trx $#Litauen $#Lithuania $#Litwa $#Litva $#Litva $8--Trx--Lietuva $x01 $9391193457 244Z/01 $2Trx $#Latvija $#Lettland $#Łotwa $#Lotyšsko $8--Trx--Latvija $x02 $9391275879 244Z/01 $2Trx $#Nordostlitauen $#Litauen Nordost $8--Trx--Lietuva šiaurės rytų $x03 $9391135953 244Z/01 $2Trx $#sėliai $#Sēļi $#Selonians $#Szelén népcsoport $#Selowie plemię bałtyckie $#Selovia $#Sélové $#Livs $8--Trx--Selen$gVolk $x04 $9391371193 244Z/01 $2Trx $8--Trx--Zeitschriftenaufsatz $x05 $9391384341 245Z/01 $a08.04.08 $x01 247C/01 $82080>Marburg/Lahn, Herder-Institut, Forschungsbibliothek, Bibliographieportal $9336309341
| LEADER | 00000caa a22000002c 4500 | ||
|---|---|---|---|
| 001 | 391985914 | ||
| 003 | DE-603 | ||
| 005 | 20210426201320.0 | ||
| 007 | tu | ||
| 008 | 161111s2001 xx |||| | u00||u|lit c | ||
| 035 | |a (DE-599)HEB391985914 | ||
| 040 | |a DE-603 |b ger |c DE-603 |d DE-603 | ||
| 041 | |a lit | ||
| 082 | 0 | 4 | |8 1\u |a 304.6094793 |q DE-101 |2 23/BSB |
| 084 | |a 24 |a 7,44 |2 ssgn | ||
| 085 | |8 1\u |b 304.609 | ||
| 085 | |8 1\u |z 2 |s 4793 | ||
| 085 | |8 1\u |z 2 |s 4796 | ||
| 100 | 1 | |a Simniškytė, Andra | |
| 245 | 0 | 0 | |a Populations of North-Eastern Lithuania, and the Ethno-Genesis of Selonians |
| 264 | 0 | |c 2001 | |
| 773 | 0 | 8 | |i In |a Latvijas Zinātņu Akadēmija |t Latvijas Zinātnu Akadēmijas vēstis. A daļa, Sociālās un humanitārās zinātnes |d Rīgā, 1992- |x 0868-6556 |g Heft 5/6 (2001), Seite 72-82 |w (DE-603)048608599 |w (DE-600)1116654-X |
| 924 | 0 | |9 2080 |a (DE-603)788081802 |b DE-2080 |c HES |d d |g / | |


